000 00842nas a2200277 4500
001 BR0303686
003 BR-BrBNA
005 20231205103942.0
007 ta
008 230509b bl.|||p| |||| 00| 00por d
040 _aBR-BrBNA
_bpor
_cBiblioteca Nacional de Agricultura
041 _a(Pt)
072 _aL74; L70
100 1 _aSelmi, A.L.
100 1 _aDórea, H.C.
100 1 _aCanola, J.C.
100 1 _aPadilha Filho, J.G.
245 1 _aFechamento prematuro simétrico da fise distal do rádio associado à fragmentação do processo coronóide medial em cão
650 _aCÃO
650 _aOSSO
650 _aMALFORMAÇÃO
650 _aCIRURGIA
773 0 _tArs Veterinária (Brazil)
_xISSN 0102-6380
_g(Dec 2002), v. 18(3) p. 243-247
_wBR0303686
909 _a202311
_bLúcia
_c55
_dLúcia Elande
942 _2AGRIS
_n0
_cANA
999 _c175615
_d175615